000 00611nam a22002177a 4500
003 UA-OsUOA
001 127058
007 ta
008 20171120b un ||||| |||| 00| 0 ukr d
090 _a821.161.1
_bФ84
942 _cBK
040 _aUA-OsUOA
_brus
_cUA-OsUOA
_dUA-OsUOA
245 _aФранцузская фантастическая проза
_cсост. А. М. Горбунова
300 _a495 с.
955 _a3
041 _arus
080 _a821.161.1
260 _aМ.
_bМир
_c1987
650 7 _a82 Література. Літературознавство
_2UDC
999 _c414214
_d414214